Single-crossing conditions in comparissons of tax progressivity (Registro nro. 25919)
[ vista simple ]
| 000 -LEADER | |
|---|---|
| fixed length control field | 00384 a2200121 4500 |
| 001 - CONTROL NUMBER | |
| control field | ART_11873 |
| 005 - DATE AND TIME OF LATEST TRANSACTION | |
| control field | 20260410161901.0 |
| 008 - FIXED-LENGTH DATA ELEMENTS--GENERAL INFORMATION | |
| fixed length control field | 260409a |
| 100 1# - MAIN ENTRY--PERSONAL NAME | |
| Personal name | Hemming, Richard |
| 245 10 - TITLE STATEMENT | |
| Title | Single-crossing conditions in comparissons of tax progressivity |
| 700 1# - ADDED ENTRY--PERSONAL NAME | |
| Personal name | Keen, M. J. |
| 773 0# - HOST ITEM ENTRY | |
| Title | Journal of public economics |
| Related parts | - Vol. 20, Nº 3 (abr. 1983) |
| Record control number | REV11485 |
No hay ítems disponibles.